Budaya politik Indonesia mutakhir : kajian kes di Jawa Barat /
Saved in:
| Main Author: | |
|---|---|
| Format: | Thesis Book |
| Language: | Malay |
| Published: |
2008.
|
| Subjects: | |
| Tags: |
Add Tag
No Tags, Be the first to tag this record!
|
| LEADER | 00911cam a2200241 a 4500 | ||
|---|---|---|---|
| 001 | u786485 | ||
| 003 | SIRSI | ||
| 005 | 201002090852 | ||
| 008 | 100209s2008 my t 000 0 may m | ||
| 040 | |a UMM | ||
| 043 | |a a-io--- | ||
| 090 | |a GN6 |b UMP 2008 Ruk | ||
| 100 | 1 | |a Rukminijati, Tati. | |
| 245 | 1 | 0 | |a Budaya politik Indonesia mutakhir : |b kajian kes di Jawa Barat / |c Tati Rukminijati. |
| 260 | |c 2008. | ||
| 300 | |a xiv, 310 leaves : |b ill. ; |c 30 cm. | ||
| 502 | |a Thesis (Ph.D) -- Jabatan Antropologi dan Sosiologi, Fakulti Sastera dan Sains Sosial, Universiti Malaya, 2009. | ||
| 504 | |a Bibliography: leaves 250-259. | ||
| 651 | 0 | |a Jawa Barat (Indonesia) |x Politics and government. | |
| 710 | 2 | |a Universiti Malaya. |b Jabatan Antropologi dan Sosiologi. | |
| 900 | |a NAR-ZA | ||
| 596 | |a 1 | ||
| 999 | |a GN6 UMP 2008 RUK |w LC |c 1 |i A513475573 |d 20/3/2012 |e 20/3/2012 |f 8/3/2010 |g 1 |l STACKS |m P01UTAMA |n 6 |r Y |s Y |t TESIS |u 8/3/2010 | ||
